LIBRARY & INFORMATION CENTRE, KCAET, TAVANUR

ONLINE PUBLIC ACCESS CATALOGUE (OPAC)

Modern appoaoch to logical reasoning (Record no. 17674)

MARC details
000 -LEADER
fixed length control field 00351nam a22001457a 4500
003 - CONTROL NUMBER IDENTIFIER
control field OSt
008 - FIXED-LENGTH DATA ELEMENTS--GENERAL INFORMATION
fixed length control field 230508b |||||||| |||| 00| 0 eng d
020 ## - INTERNATIONAL STANDARD BOOK NUMBER
ISBN 9789355013521
041 ## - LANGUAGE CODE
Language code of text/sound track or separate title eng
082 ## - DEWEY DECIMAL CLASSIFICATION NUMBER
Classification number 658.0076
Item number AGG/MO
100 ## - MAIN ENTRY--AUTHOR NAME
Personal name Aggarwal, R.S
245 ## - TITLE STATEMENT
Title Modern appoaoch to logical reasoning
260 ## - PUBLICATION, DISTRIBUTION, ETC. (IMPRINT)
Place of publication 2023
Name of publisher S.Chand
Year of publication 2022
942 ## - ADDED ENTRY ELEMENTS (KOHA)
Koha item type Books
Holdings
Withdrawn status Lost status Damaged status Collection code Home library Current library Shelving location Date acquired Source of acquisition Cost, normal purchase price Full call number Accession Number Koha item type
      General Books KAUAET KAUAET General Stacks 24/03/2023 Aman book stall, calicut 290.00 658.0076 AGG/MO 26154 Books
      General Books KAUAET KAUAET General Stacks 24/03/2023 Aman book stall, calicut 290.00 658.0076 AGG/MO 26155 Books
      General Books KAUAET KAUAET General Stacks 24/03/2023 Aman book stall, calicut 290.00 658.0076 AGG/MO 26156 Books
free website counter